| 000 | 00469nam a22001937a 4500 | ||
|---|---|---|---|
| 003 | CEME | ||
| 005 | 20210628202840.0 | ||
| 008 | 210118b xxu||||| |||| 00| 0 eng d | ||
| 020 | _a81-7319-635-4 | ||
| 040 | _c. | ||
| 082 | _a514.2 LAH | ||
| 100 |
_aLahiri, B.K _961947 |
||
| 245 | _aA first course in algebraic topology | ||
| 250 | _a2ND | ||
| 260 |
_aNEW DELHI _bNAROSA _c2005 |
||
| 300 | _aXV,130 P | ||
| 650 |
_aALGEBRAIC TOPOLOGY _960474 |
||
| 942 |
_cBK _2ddc |
||
| 999 |
_c571219 _d571219 |
||